Mallory on guard ; (Record no. 6739)
[ view plain ]
| 000 -LEADER | |
|---|---|
| fixed length control field | 01119nam a22002777a 4500 |
| 001 - CONTROL NUMBER | |
| control field | 6739 |
| 003 - CONTROL NUMBER IDENTIFIER | |
| control field | FISKH |
| 005 - DATE AND TIME OF LATEST TRANSACTION | |
| control field | 20250820123614.0 |
| 008 - FIXED-LENGTH DATA ELEMENTS--GENERAL INFORMATION | |
| fixed length control field | 250523b cb ||||| |||| 00| 0 eng d |
| 020 ## - INTERNATIONAL STANDARD BOOK NUMBER | |
| International Standard Book Number | 9781416949480 |
| 040 ## - CATALOGING SOURCE | |
| Original cataloging agency | FISKH |
| Language of cataloging | eng |
| Transcribing agency | FISKH |
| Modifying agency | FISKH177 LCC PZ7.L659105 M |
| 050 ## - LIBRARY OF CONGRESS CALL NUMBER | |
| Classification number | PZ7.L659105 M |
| 082 ## - DEWEY DECIMAL CLASSIFICATION NUMBER | |
| Classification number | 177 |
| 100 ## - MAIN ENTRY--PERSONAL NAME | |
| Personal name | Lindner, Brooke |
| 245 ## - TITLE STATEMENT | |
| Title | Mallory on guard ; |
| Remainder of title | Spiderwick Chronicles / |
| Statement of responsibility, etc. | by Brooke Lindner ; Based on the screenplay by Karey Kirkpatrick and David Berenbaum and John Sayles from the books by Tony DiTerlizzi and Holly Black |
| 260 ## - PUBLICATION, DISTRIBUTION, ETC. | |
| Place of publication, distribution, etc. | New York : |
| Name of publisher, distributor, etc. | Simon Spotlight, |
| Date of publication, distribution, etc. | 2008. |
| 300 ## - PHYSICAL DESCRIPTION | |
| Extent | 32 pages : |
| Other physical details | color illustrations ; |
| Dimensions | 23 cm |
| 490 ## - SERIES STATEMENT | |
| Series statement | Ready to read : |
| Volume/sequential designation | level 3 |
| 505 ## - FORMATTED CONTENTS NOTE | |
| Formatted contents note | L <br/> |
| 520 ## - SUMMARY, ETC. | |
| Summary, etc. | Mallory Grace and her family move to a new home, where her brother, Jared, discovers a brownie living within the home's walls and a group of mean goblins trying to steal the secret book the brownie is protecting. |
| 521 8# - TARGET AUDIENCE NOTE | |
| Target audience note | 510<br/> |
| Source | Lexile estimate <br/> |
| 521 8# - TARGET AUDIENCE NOTE | |
| Target audience note | L<br/> |
| Source | Raz-Plus<br/> |
| 650 ## - SUBJECT ADDED ENTRY--TOPICAL TERM | |
| Topical term or geographic name entry element | Movie |
| Form subdivision | White |
| 942 ## - ADDED ENTRY ELEMENTS (KOHA) | |
| Source of classification or shelving scheme | Dewey Decimal Classification |
| Koha item type | Books |
| Suppress in OPAC | No |
| Withdrawn status | Lost status | Source of classification or shelving scheme | Damaged status | Not for loan | Collection | Home library | Current library | Shelving location | Date acquired | Total Checkouts | Full call number | Barcode | Date last seen | Copy number | Price effective from | Koha item type |
|---|---|---|---|---|---|---|---|---|---|---|---|---|---|---|---|---|
| Dewey Decimal Classification | Juvenile Fiction | Footprints International School Library Network Toul Kork Campus | Footprints International School Library Network Toul Kork Campus | TK Primary Library Room(4th Floor), Bookcase 3&4, Shelves 17-32, Yellow Books | 05/23/2025 | LIN 177 PZ7.L659105 M | FISTK00755 | 05/23/2025 | 1 | 05/23/2025 | Books | |||||
| Dewey Decimal Classification | Juvenile Fiction | Footprints International School Library Network Toul Tom Poung Campus | Footprints International School Library Network Toul Tom Poung Campus | TTP Primary Yellow Bookshelves | 08/20/2025 | LIN 177 PZ7.L659105 M | FIS02855 | 08/20/2025 | 2 | 08/20/2025 | Books |
